| 000 | 00583nam a2200205 a 4500 | ||
|---|---|---|---|
| 001 | BRCA_5934 | ||
| 005 | 20190320205252.0 | ||
| 008 | 220311s1934----mx-######w---#000-0#spa-# | ||
| 041 | _aspa | ||
| 044 | _amx | ||
| 050 | 4 |
_aKGF1295 _p.A311934 _bL49 |
|
| 245 | 1 | 0 |
_aLey General de Sociedades Mercantiles. _cCámara Nacional de Comercio de la Cd. de México. |
| 260 |
_aMéxico _bCámara Nacional de Comercio _c1934 |
||
| 300 |
_a89 p. _c15 cm. |
||
| 500 | _aH165 | ||
| 650 | 1 | 4 |
_aFinanzas _zMéxico _914605 |
| 650 | 1 | 4 |
_aSociedades Mercantiles _914988 |
| 902 | _aGFM | ||
| 942 |
_2lcc _cB |
||
| 999 |
_c5623 _d5623 |
||